National population policy (Record no. 78719)

MARC details
000 -LEADER
fixed length control field 00902nam a2200181 a 4500
008 - FIXED-LENGTH DATA ELEMENTS--GENERAL INFORMATION
fixed length control field 090918s2007 ||||||||||||||||| || u
050 ## - LIBRARY OF CONGRESS CALL NUMBER
Classification number GOV.ZAM(02)2007/6A
110 ## - MAIN ENTRY--CORPORATE NAME
Corporate name or jurisdiction name as entry element Minisry of finance and national planning
245 10 - TITLE STATEMENT
Title National population policy
260 ## - PUBLICATION, DISTRIBUTION, ETC.
Place of publication, distribution, etc. Lusaka
Name of publisher, distributor, etc. Minisry of finance and national planning
Date of publication, distribution, etc. 2007
300 ## - PHYSICAL DESCRIPTION
Extent xii, 18p.
350 ## -
-- 0.00
650 ## - SUBJECT ADDED ENTRY--TOPICAL TERM
Topical term or geographic name entry element POPULATION POLICY--ZAMBIA
650 ## - SUBJECT ADDED ENTRY--TOPICAL TERM
Topical term or geographic name entry element Population policy
995 ## -
-- SPECIAL COLLECTIONS
-- 1827
-- CBU-MAIN LIBRARY (Kitwe)
-- 0.00
-- GOV.ZAM(02)2007/6C
-- 3
-- AVAILABLE
-- Mar 24, 2015
-- B1827
-- Zambiana Collection
995 ## -
-- SPECIAL COLLECTIONS
-- 1826
-- CBU-MAIN LIBRARY (Kitwe)
-- 0.00
-- GOV.ZAM(02)2007/6B
-- 2
-- AVAILABLE
-- Mar 24, 2015
-- B1826
-- Zambiana Collection
995 ## -
-- SPECIAL COLLECTIONS
-- 0.00
-- 03004756
-- CBU-MAIN LIBRARY (Kitwe)
-- 1
-- 0.00
-- GOV.ZAM(02)2007/6A
-- 1
-- AVAILABLE
-- Nov 3, 2009
-- 03004756
-- Zambiana Collection
999 ## -
-- 78719
-- 78719
Holdings
Withdrawn status Lost status Source of classification or shelving scheme Damaged status Not for loan Permanent Location Current Location Shelving location Date acquired Total Checkouts Full call number Barcode Date last seen Copy number Price effective from Koha item type
          CBU-MAIN LIBRARY, KITWE. CBU-MAIN LIBRARY, KITWE.   06/06/2023   GOV.ZAM(02)2007/6C B1827 06/06/2023 1 06/06/2023 SPECIAL COLLECTION
          CBU-MAIN LIBRARY, KITWE. CBU-MAIN LIBRARY, KITWE.   06/06/2023   GOV.ZAM(02)2007/6B B1826 06/06/2023 2 06/06/2023 SPECIAL COLLECTION
          CBU-MAIN LIBRARY, KITWE. CBU-MAIN LIBRARY, KITWE.   06/06/2023   GOV.ZAM(02)2007/6A 03004756 06/06/2023 3 06/06/2023 SPECIAL COLLECTION